<?xml version="1.0" encoding="UTF-8"?><?xml-stylesheet type="text/xsl" href="static/style.xsl"?><OAI-PMH xmlns="http://www.openarchives.org/OAI/2.0/" xmlns:xsi="http://www.w3.org/2001/XMLSchema-instance" xsi:schemaLocation="http://www.openarchives.org/OAI/2.0/ http://www.openarchives.org/OAI/2.0/OAI-PMH.xsd"><responseDate>2026-04-14T15:24:15Z</responseDate><request verb="GetRecord" identifier="oai:uvadoc.uva.es:10324/77403" metadataPrefix="marc">https://uvadoc.uva.es/oai/request</request><GetRecord><record><header><identifier>oai:uvadoc.uva.es:10324/77403</identifier><datestamp>2025-09-07T09:43:56Z</datestamp><setSpec>com_10324_38</setSpec><setSpec>col_10324_852</setSpec></header><metadata><record xmlns="http://www.loc.gov/MARC21/slim" xmlns:doc="http://www.lyncode.com/xoai" xmlns:xsi="http://www.w3.org/2001/XMLSchema-instance" xmlns:dcterms="http://purl.org/dc/terms/" xsi:schemaLocation="http://www.loc.gov/MARC21/slim http://www.loc.gov/standards/marcxml/schema/MARC21slim.xsd">
<leader>00925njm 22002777a 4500</leader>
<datafield tag="042" ind1=" " ind2=" ">
<subfield code="a">dc</subfield>
</datafield>
<datafield tag="720" ind1=" " ind2=" ">
<subfield code="a">Delgado Ruiz, Elisa</subfield>
<subfield code="e">author</subfield>
</datafield>
<datafield tag="260" ind1=" " ind2=" ">
<subfield code="c">2025</subfield>
</datafield>
<datafield tag="520" ind1=" " ind2=" ">
<subfield code="a">El presente proyecto fin de grado pretende profundizar en el Trastorno del Espectro Autista (TEA) y su intervención. Para ello se ha realizado una revisión&#xd;
de la realidad profesional, población atendida y los servicios que ofrecen las asociaciones federadas en Autismo Castilla y León. Tras una propuesta de&#xd;
clasificación propia de los recursos de las asociaciones, se ha llevado a cabo un análisis de las presencias y ausencias de los servicios en cada asociación.</subfield>
</datafield>
<datafield tag="024" ind2=" " ind1="8">
<subfield code="a">https://uvadoc.uva.es/handle/10324/77403</subfield>
</datafield>
<datafield tag="245" ind1="0" ind2="0">
<subfield code="a">El trastorno del espectro autista y su intervención: un análisis desde la educación social de los servicios de las entidades de la Federación de Autismo de Castilla y León</subfield>
</datafield>
</record></metadata></record></GetRecord></OAI-PMH>